| 000 | 00790nam a22002057a 4500 | ||
|---|---|---|---|
| 003 | AM-YEHGA | ||
| 005 | 20250617164319.0 | ||
| 008 | 211206s1962 ru ||||| |||| 00| 0 rus d | ||
| 040 | _aAM-YeHGA | ||
| 041 | 0 | _arus | |
| 100 | 1 | _aСерафимович, Александр Серафимович | |
| 245 | 1 | 0 | _aЖелезный поток / |
| 260 |
_aЙошкар-Ола : _bМаркнигоиздат, _c1962. |
||
| 300 |
_a160 с. _bил. |
||
| 653 | 0 | _aИностранная военная интервенция и гражданская война в СССР 1918-1920 гг. (х. л.) | |
| 653 | 0 | _aПартизанское движение в гражданской войне в СССР 1918-1920 гг. (х. л.) | |
| 942 |
_2udc _cBK |
||
| 001 | 1808018 | ||
| 090 | _c525339 | ||
| 999 |
_c521753 _d521753 |
||